Statistics for Name all the Ingredients for a Cake

Click here to take the quiz!

General Stats

  • This quiz has been taken 115 times
  • The average score is 5 of 6

Answer Stats

Ingredients% Correct
Flour
97%
Sugar
96%
Eggs
93%
Milk
93%
Baking Soda | Baking Powder
85%
Butter
81%

Score Distribution

Percentile by Number Answered

Percent of People with Each Score

Your Score History

You have not taken this quiz